000 00409nam a2200169Ia 4500
005 20240424014908.0
008 240331s9999 xx 000 0 und d
020 _a8185107173
082 _bMIE
_a331.4
100 _aMies , Maria
245 0 _aWomen :
_bthe last colony
_cMaria, Mies
260 _aNew Delhi :
_bKali for Women /
_c1988
300 _a185 p .,
650 _aWomen
650 _aSex
942 _cL
999 _c2624
_d2624